| 000 | 00708nam a22001937a 4500 | ||
|---|---|---|---|
| 003 | OSt | ||
| 005 | 20240619094733.0 | ||
| 008 | 240619b ||||| |||| 00| 0 eng d | ||
| 040 | _cAIMIT LIBRARY | ||
| 100 |
_aBangera, Sejal. _e2116155 _9171158 |
||
| 245 |
_aPerformance analysis of mutual funds with respect to debt and equity funds / _cBy Sejal Bangera ; Guided by Dhananjaya K. |
||
| 260 |
_aBangalore ; _c2023. |
||
| 650 |
_aIndustry profile company profile and introduction to study _9171159 |
||
| 650 |
_aLiterature review _9171160 |
||
| 650 |
_aResearch methodology _9171161 |
||
| 700 |
_aK Dhananjaya. _eGuide _9171162 |
||
| 856 | _3Simplus financial consultancy private limited | ||
| 942 |
_2ddc _cPRO |
||
| 999 |
_c231220 _d231220 |
||